000 00390nam a22001697a 4500
003 SGT
020 _a9789356961180
082 _a610.73
_bA23S
100 _aSONI, SAMTA
245 _aTB. OF ADVANCE NURSING PRACTICE
250 _a2ND
260 _aINDIA
_bJAYPEE PUB
_c2023
300 _a716
650 _aNURSING BOOKS
653 _a ADVANCE NURSING PRACTICE
942 _2ddc
_cBK
_03
999 _c27497
_d27497